000 00637nam a2200217Ii 4500
003 JO-AjNU
008 230606s9999||||xx |||||||||||||| ||und||
020 _a978-0-273-75514-2
040 _aJO-AjNU
_beng
_erda
_cJO-AjNU
041 _aeng
050 1 4 _aG155.A1.H647 2013
100 3 _aHolloway, Christopher J and Humphreys, Claire,
_eauthor
_94815
245 0 4 _aThe Business of Tourism
250 _a9th ed
264 3 1 _aEngland: Prentice, 2013
300 _a778p
336 _atext
_btxt
_2rdacontent
337 _aunmediated
_bn
_2rdamedia
338 _avolume
_bnc
_2rdacarrier
650 4 _a Tourism - Tourism - Marketing
_94816
999 _aE2493
_c2491
_d2491